Histoire de la révolution française / par Louis Blanc
Descripción Física:
15 v. ; 19 cm
MARC
| LEADER | 00000nam a2200000Ia 4500 | ||
|---|---|---|---|
| 001 | 16109, 16010, 16111, 16112, 16113, 16114, 16115, 16116, 16117, 16118, 16119, 16120, 16121, 16122 | ||
| 008 | 160829s1878 xx 000 0 cat d | ||
| 080 | |a H-2-266, H-2-267, H-2-268, H-2-269, H-2-270, H-2-271, H-2-272, H-2-273, H-2-274, H-2-275, H-2-276, H-2-277, H-2-278, H-2-279 | ||
| 100 | |a Blanc, Louis |9 38064 | ||
| 245 | |a Histoire de la révolution française / par Louis Blanc | ||
| 250 | |a 9ème ed. | ||
| 260 | |a Paris : |b Librairie Internationale, |c 1878 | ||
| 300 | |a 15 v. ; |c 19 cm | ||
| 590 | |a Referències bibliogràfiques. | ||
| 590 | |a Falta el número 5 | ||
| 650 | |a França |x Història |x 1789/1799, Revolució |9 27752 | ||
| 901 | |a Arxiu | ||
| 942 | |n 1 | ||
| 952 | |0 0 |1 0 |4 0 |6 H2266_H2267_H2268_H2269_H2270_H2271_H2272_H2273_H2274_H2275_H2276_H2277_H2278_H2279 |7 1 |9 48233 |a Arxiu |b Arxiu |d 2016-12-01 |l 0 |o H-2-266, H-2-267, H-2-268, H-2-269, H-2-270, H-2-271, H-2-272, H-2-273, H-2-274, H-2-275, H-2-276, H-2-277, H-2-278, H-2-279 |p 16109, 16010, 16111, |r 2016-12-01 00:00:00 |w 2016-12-01 |y ARXIU | ||
| 999 | |c 52039 |d 52039 | ||